| 000 | 00843pam a2200277 a 4500 | ||
|---|---|---|---|
| 001 | 015842450 | ||
| 003 | Uk | ||
| 005 | 20130325141037.0 | ||
| 008 | 110701s2012 maua b 001 0 eng d | ||
| 020 | _a0132806460 (pbk.) | ||
| 020 | _a9780132806466 (pbk.) | ||
| 082 | 0 | 4 |
_a658.872 _222 _bSTR |
| 100 | 1 |
_aStrauss, Judy. _932526 |
|
| 245 | 1 | 0 |
_aE-Marketing / _cJudy Strauss, Raymond Frost. |
| 250 | _a6th ed. | ||
| 260 |
_aBoston, [Mass.] ; _aLondon : _bPearson, _cc2012. |
||
| 300 |
_a448 p. : _bill. ; _c24 cm. |
||
| 500 | _a"International edition"--Covers. | ||
| 500 | _aPrevious ed.: 2009. | ||
| 500 |
_aFormerly CIP. _5Uk |
||
| 504 | _aIncludes bibliographical references and index. | ||
| 650 | 0 |
_aInternet marketing. _932527 |
|
| 653 |
_bBus _cFebruary2013 _cMarch2013 |
||
| 700 | 1 |
_aFrost, Raymond, _d1960- _932528 |
|
| 942 |
_2ddc _cBB |
||
| 999 |
_c17270 _d17242 |
||